Policy on foreign exchange variation protection to foreign direct investment in power generation (Record no. 491216)

000 -LEADER
fixed length control field 00502cam a22001337a 4500
008 - FIXED-LENGTH DATA ELEMENTS--GENERAL INFORMATION
fixed length control field 180718b2001 xxu||||| |||| 00| 0 eng d
082 ## - DEWEY DECIMAL CLASSIFICATION NUMBER
Classification number APPPA 2000-01 SUD/29
100 ## - MAIN ENTRY--PERSONAL NAME
Personal name Sudhir Kumar
245 ## - TITLE STATEMENT
Title Policy on foreign exchange variation protection to foreign direct investment in power generation
Statement of responsibility, etc. by Sudhir Kumar
260 ## - PUBLICATION, DISTRIBUTION, ETC.
Place of publication, distribution, etc. New Delhi
Name of publisher, distributor, etc. Indian Institute of Public Administration
Date of publication, distribution, etc. 2001
300 ## - PHYSICAL DESCRIPTION
Extent 100p.
650 ## - SUBJECT ADDED ENTRY--TOPICAL TERM
Topical term or geographic name entry element Foreign exchange - Law and legislation - India
650 ## - SUBJECT ADDED ENTRY--TOPICAL TERM
Topical term or geographic name entry element Investments, Foreign
Holdings
Withdrawn status Lost status Damaged status Not for loan Permanent Location Current Location Date acquired Full call number Barcode Date last seen Price effective from Koha item type
        Indian Institute of Public Administration Indian Institute of Public Administration 2018-08-04 APPPA 2000-01 SUD/29 GR15500 2018-08-04 2018-08-04 GR

Powered by Koha